000 00984nam a22003617a 4500
001 BR0503274
003 BR-BrBNA
005 20230928101941.0
007 ta
008 230509b bl.||||| |||| 00| 0 por d
040 _aBR-BrBNA
_bpor
_cBiblioteca Nacional de Agricultura
041 _a(Por)
072 _aC10; F01; F04
090 _ C10 BR0503274
100 1 _aAmbrosano, E.J.
100 1 _aRossi, F.
100 1 _aGroppo, G.A.
100 1 _aGuirado, N.
100 1 _aMendes, P.C.D.
100 1 _aArevalo, R.A.(coords.)
245 1 _aCurso de capacitação em agricultura orgânica
260 3 _aCampinas, SP (Brasil):
_c2004.
300 _a231 p.
500 _aSeveral bibliography; 37 tables; 32 illus.
650 _aCURSO
650 _aAGRICULTURA ORGÂNICA
650 _aADUBO ORGÂNICO
650 _aCONTROLE BIOLÓGICO
650 _aCOMERCIALIZAÇÃO
650 _aFORMAÇÃO PROFISSIONAL
909 _a202309
_bLucia
_c55
_dLucia Elande
942 _cBK
999 _c68383
_d68383